Guide du Paris révolutionnaire (Record no. 106356)
[ view plain ]
| 000 -LEADER | |
|---|---|
| campo de control de longitud fija | 00969nam a2200253 i 4500 |
| 001 - NÚMERO DE CONTROL | |
| campo de control | 106356 |
| 003 - IDENTIFICADOR DE NÚMERO DE CONTROL | |
| campo de control | ES-MaACL |
| 005 - FECHA Y HORA DE LA ÚLTIMA TRANSACCIÓN | |
| campo de control | 20231103062532.0 |
| 007 - CAMPO FIJO DE DESCRIPCIÓN FÍSICA--INFORMACIÓN GENERAL | |
| campo de control de longitud fija | t| |
| 008 - DATOS DE LONGITUD FIJA--INFORMACIÓN GENERAL | |
| campo de control de longitud fija | 061102s1989 fr ||||1| fre d |
| 020 ## - NÚMERO INTERNACIONAL ESTÁNDAR DEL LIBRO | |
| Número Internacional Estándar del Libro | 2-262-00670-9 |
| 080 ## - NÚMERO DE LA CLASIFICACIÓN DECIMAL UNIVERSAL | |
| Número de la Clasificación Decimal Universal | 913(443.61 P.)(036) |
| 100 1# - ENTRADA PRINCIPAL--NOMBRE DE PERSONA | |
| Nombre de persona | Saint-Agnès, Yves de. |
| 9 (RLIN) | 101506 |
| 245 10 - MENCIÓN DEL TÍTULO | |
| Título | Guide du Paris révolutionnaire |
| Resto del título | : les lieux, les quartiers, les rues, les itinéraires : 1789-1795 / |
| Mención de responsabilidad, etc. | Yves de Saint-Agnès ; conception de l'ouvrage, maquette et réalisation, Francis Delabarre. |
| 260 ## - PUBLICACIÓN, DISTRIBUCIÓN, ETC. | |
| Lugar de publicación, distribución, etc. | [Paris] : |
| Nombre del editor, distribuidor, etc. | Paris Musées : |
| -- | Perrin, |
| Fecha de publicación, distribución, etc. | [1989] |
| 300 ## - DESCRIPCIÓN FÍSICA | |
| Extensión | 128 p. : |
| Otras características físicas | il. ; |
| Dimensiones | 22 cm. |
| 500 ## - NOTA GENERAL | |
| Nota general | Biblioteca Jacinto Martínez Lacalle. |
| 650 #4 - PUNTO DE ACCESO ADICIONAL DE MATERIA--TÉRMINO DE MATERIA | |
| Término de materia o nombre geográfico como elemento de entrada | Lugares históricos- |
| Subdivisión geográfica | París. |
| 9 (RLIN) | 14712 |
| 651 #4 - PUNTO DE ACCESO ADICIONAL DE MATERIA--NOMBRE GEOGRÁFICO | |
| Nombre geográfico | París- |
| Subdivisión de forma | Guías turísticas. |
| 9 (RLIN) | 9209 |
| 651 #4 - PUNTO DE ACCESO ADICIONAL DE MATERIA--NOMBRE GEOGRÁFICO | |
| Nombre geográfico | Francia- |
| Subdivisión general | Historia- |
| Subdivisión cronológica | 1789-1799, Revolución |
| 9 (RLIN) | 8685 |
| 700 1# - ENTRADA AGREGADA--NOMBRE PERSONAL | |
| Nombre de persona | Delabarre, Francis. |
| 9 (RLIN) | 43275 |
| 852 ## - LOCALIZACIÓN | |
| Ubicación | ES-MaACL |
| Número de control de estantería | E-11362 |
| Sublocalización o colección | R.139114 |
| Estatus retirado | Estado de pérdida | Estado de daño | No para préstamo | Biblioteca de origen | Biblioteca actual | Ubicación en estantería | Fecha de adquisición | Fuente de adquisición | Total de préstamos | Signatura topográfica completa | Código de barras | Visto por última vez | Precio de reemplazo | Tipo de ítem Koha |
|---|---|---|---|---|---|---|---|---|---|---|---|---|---|---|
| Biblioteca del Ateneo de Madrid | Biblioteca del Ateneo de Madrid | Depósito 2 | 17/01/2008 | E-11362 | 1111025 | 23/02/2023 | 23/02/2023 | Libro impreso |
